00790nam a2200241 a 450000100060000000300080000600500170001400800410003103500190007204000270009104100080011808200260012610000210015224500870017326000440026030000340030449000340033850400530037265000240042565000130044970000520046283000340051472679BD-RjUL20211209082310.0170522s1963 enka b 001 0 eng d a(BD-RjUL)72897 aDLCcDLCdBD-RjULbeng aeng00223a578.012bSOP 19631 aSokal, Robert R.10aPrinciples of numerical taxonomy /c[by] Robert R. Sokal [and] Peter H. A. Sneath. aSan Francisco :bW. H. Freeman,cc1963. axvi, 359 p. :bill. ;c25 cm.0 aA Series of books in biology. aIncludes bibliography: (p. 320-338) and indexes. 0aNumerical taxonomy. 0aBiology.1 aSneath, P. H. A.q(Peter Henry Andrews),d1923- aA Series of books in biology.